[Event "DEM U14 2023"]
[Site "Willingen GER"]
[Date "2023.06.02"]
[Round "8"]
[White "Sauer, Tim"]
[Black "Sommer, Justus"]
[Result "1/2-1/2"]
[Termination "normal"]
[Board "5"]
[WhiteElo "2093"]
[BlackElo "2047"]
[WhiteClock "00:07:30"]
[BlackClock "00:16:05"]
[PlyCount "62"]
[WhiteFideId "16265726"]
[BlackFideId "16245008"]
[EventCountry "GER"]
[EventRounds "9"]
[EventType "swiss"]
[EventDate "2023.05.27"]

1. c4 {[%clk 01:30:56]} {[%emt 00:00:03]} e6 {[%clk 01:30:47]} {[%emt
00:00:11]} 2. Nf3 {[%clk 01:31:15]} {[%emt 00:00:13]} d5 {[%clk 01:31:01]}
{[%emt 00:00:15]} 3. e3 {[%clk 01:31:34]} {[%emt 00:00:13]} Nf6 {[%clk
01:30:55]} {[%emt 00:00:37]} 4. b3 {[%clk 01:30:59]} {[%emt 00:01:04]} b6
{[%clk 01:28:41]} {[%emt 00:02:43]} 5. Bb2 {[%clk 01:28:32]} {[%emt 00:02:59]}
Bb7 {[%clk 01:27:36]} {[%emt 00:01:35]} 6. cxd5 {[%clk 01:27:56]} {[%emt
00:01:07]} Nxd5 {[%clk 01:21:36]} {[%emt 00:06:29]} 7. Bb5+ {[%clk 01:18:08]}
{[%emt 00:10:18]} c6 {[%clk 01:21:34]} {[%emt 00:00:32]} 8. Be2 {[%clk
01:18:30]} {[%emt 00:00:08]} Nd7 {[%clk 01:14:15]} {[%emt 00:07:49]} 9. O-O
{[%clk 01:06:31]} {[%emt 00:12:29]} N7f6 {[%clk 01:13:58]} {[%emt 00:00:45]}
10. a3 {[%clk 01:02:08]} {[%emt 00:04:55]} Be7 {[%clk 01:10:11]} {[%emt
00:04:15]} 11. Qc2 {[%clk 01:01:17]} {[%emt 00:01:23]} O-O {[%clk 01:09:49]}
{[%emt 00:00:48]} 12. d3 {[%clk 00:51:36]} {[%emt 00:10:16]} c5 {[%clk
01:04:44]} {[%emt 00:05:34]} 13. Ne5 {[%clk 00:50:13]} {[%emt 00:01:53]} Nd7
{[%clk 01:00:19]} {[%emt 00:04:54]} 14. Nxd7 {[%clk 00:47:43]} {[%emt
00:03:02]} Qxd7 {[%clk 01:00:30]} {[%emt 00:00:18]} 15. Nd2 {[%clk 00:45:19]}
{[%emt 00:02:53]} Bf6 {[%clk 00:55:04]} {[%emt 00:05:57]} 16. Nf3 {[%clk
00:38:23]} {[%emt 00:07:24]} Rac8 {[%clk 00:46:39]} {[%emt 00:08:54]} 17. Rfd1
{[%clk 00:35:19]} {[%emt 00:03:35]} Rfd8 {[%clk 00:44:21]} {[%emt 00:02:48]}
18. Rac1 {[%clk 00:33:47]} {[%emt 00:02:03]} Qe7 {[%clk 00:42:20]} {[%emt
00:02:30]} 19. Qb1 {[%clk 00:27:23]} {[%emt 00:06:55]} h6 {[%clk 00:36:10]}
{[%emt 00:06:40]} 20. Qa1 {[%clk 00:26:28]} {[%emt 00:01:25]} Bxb2 {[%clk
00:33:28]} {[%emt 00:03:12]} 21. Qxb2 {[%clk 00:26:52]} {[%emt 00:00:06]} Qf6
{[%clk 00:33:36]} {[%emt 00:00:21]} 22. Qxf6 {[%clk 00:18:44]} {[%emt
00:08:38]} Nxf6 {[%clk 00:33:53]} {[%emt 00:00:10]} 23. Rc2 {[%clk 00:12:51]}
{[%emt 00:06:27]} Ba6 {[%clk 00:30:14]} {[%emt 00:04:08]} 24. Kf1 {[%clk
00:11:16]} {[%emt 00:02:05]} Kf8 {[%clk 00:24:30]} {[%emt 00:06:16]} 25. Ne5
{[%clk 00:09:32]} {[%emt 00:02:14]} Nd7 {[%clk 00:22:45]} {[%emt 00:02:14]} 26.
Nxd7+ {[%clk 00:06:37]} {[%emt 00:03:26]} Rxd7 {[%clk 00:23:06]} {[%emt
00:00:08]} 27. d4 {[%clk 00:06:49]} {[%emt 00:00:18]} Bxe2+ {[%clk 00:16:25]}
{[%emt 00:07:10]} 28. Kxe2 {[%clk 00:06:51]} {[%emt 00:00:29]} Rcd8 {[%clk
00:16:40]} {[%emt 00:00:14]} 29. Rcd2 {[%clk 00:07:13]} {[%emt 00:00:09]} cxd4
{[%clk 00:16:31]} {[%emt 00:00:39]} 30. Rxd4 {[%clk 00:07:11]} {[%emt
00:00:32]} Ke7 {[%clk 00:15:43]} {[%emt 00:01:18]} 31. Rxd7+ {[%clk 00:07:30]}
{[%emt 00:00:11]} Rxd7 {[%clk 00:16:05]} {[%emt 00:00:07]} 1/2-1/2

[Event "DEM U14 2023"]
[Site "Willingen GER"]
[Date "2023.06.02"]
[Round "8"]
[White "Korchynskyi, Mykola"]
[Black "Dordevic, Tom"]
[Result "1/2-1/2"]
[Termination "normal"]
[Board "6"]
[WhiteElo "2126"]
[BlackElo "2068"]
[WhiteClock "00:26:48"]
[BlackClock "00:21:19"]
[PlyCount "41"]
[WhiteFideId "34138005"]
[BlackFideId "16260503"]
[EventCountry "GER"]
[EventRounds "9"]
[EventType "swiss"]
[EventDate "2023.05.27"]

1. d4 {[%clk 01:30:59]} Nf6 {[%clk 01:30:55]} {[%emt 00:00:05]} 2. c4 {[%clk
01:31:24]} {[%emt 00:00:05]} e6 {[%clk 01:31:22]} {[%emt 00:00:03]} 3. Nc3
{[%clk 01:31:50]} {[%emt 00:00:05]} d5 {[%clk 01:31:48]} {[%emt 00:00:04]} 4.
Nf3 {[%clk 01:32:13]} {[%emt 00:00:06]} a6 {[%clk 01:32:11]} {[%emt 00:00:07]}
5. Bg5 {[%clk 01:31:11]} {[%emt 00:01:32]} dxc4 {[%clk 01:31:51]} {[%emt
00:00:51]} 6. a4 {[%clk 01:31:30]} {[%emt 00:00:10]} Nc6 {[%clk 01:31:51]}
{[%emt 00:00:30]} 7. e3 {[%clk 01:31:54]} {[%emt 00:00:06]} Na5 {[%clk
01:32:04]} {[%emt 00:00:17]} 8. Nd2 {[%clk 01:30:54]} {[%emt 00:01:29]} c5
{[%clk 01:32:03]} {[%emt 00:00:33]} 9. dxc5 {[%clk 01:30:37]} {[%emt 00:00:47]}
Bxc5 {[%clk 01:32:01]} {[%emt 00:00:32]} 10. Nxc4 {[%clk 01:30:20]} {[%emt
00:00:47]} Nxc4 {[%clk 01:26:10]} {[%emt 00:06:22]} 11. Bxc4 {[%clk 01:21:50]}
{[%emt 00:08:58]} Bd7 {[%clk 01:18:52]} {[%emt 00:07:49]} 12. O-O {[%clk
01:17:28]} {[%emt 00:04:51]} Bc6 {[%clk 01:13:26]} {[%emt 00:05:58]} 13. Qe2
{[%clk 01:17:35]} {[%emt 00:00:23]} Be7 {[%clk 01:09:52]} {[%emt 00:04:04]} 14.
Rfd1 {[%clk 00:58:46]} {[%emt 00:19:19]} Qa5 {[%clk 01:05:17]} {[%emt
00:05:05]} 15. Bf4 {[%clk 00:57:01]} {[%emt 00:02:14]} O-O {[%clk 01:02:23]}
{[%emt 00:03:25]} 16. Bb3 {[%clk 00:41:50]} {[%emt 00:15:41]} Rfd8 {[%clk
00:53:23]} {[%emt 00:09:30]} 17. e4 {[%clk 00:33:12]} {[%emt 00:09:07]} Bb4
{[%clk 00:29:24]} {[%emt 00:24:30]} 18. Bd2 {[%clk 00:29:09]} {[%emt 00:04:32]}
Nxe4 {[%clk 00:20:39]} {[%emt 00:09:17]} 19. Nxe4 {[%clk 00:29:14]} {[%emt
00:00:25]} Bxe4 {[%clk 00:21:02]} {[%emt 00:00:07]} 20. Qxe4 {[%clk 00:29:04]}
{[%emt 00:00:39]} Bxd2 {[%clk 00:21:19]} {[%emt 00:00:12]} 21. Qxb7 {[%clk
00:26:48]} {[%emt 00:02:46]} 1/2-1/2

[Event "DEM U14 2023"]
[Site "Willingen GER"]
[Date "2023.06.02"]
[Round "8"]
[White "Haubold, Sebastian Marcel"]
[Black "Bräutigam, Alexander"]
[Result "0-1"]
[Termination "normal"]
[Board "7"]
[WhiteElo "2092"]
[BlackElo "1892"]
[WhiteClock "00:01:17"]
[BlackClock "00:06:11"]
[PlyCount "140"]
[WhiteFideId "16259637"]
[BlackFideId "16245210"]
[EventCountry "GER"]
[EventRounds "9"]
[EventType "swiss"]
[EventDate "2023.05.27"]

1. e4 {[%clk 01:30:58]} {[%emt 00:00:02]} c5 {[%clk 01:30:56]} {[%emt
00:00:06]} 2. Nf3 {[%clk 01:31:24]} {[%emt 00:00:02]} d6 {[%clk 01:31:21]}
{[%emt 00:00:05]} 3. d4 {[%clk 01:31:51]} {[%emt 00:00:03]} cxd4 {[%clk
01:31:47]} {[%emt 00:00:04]} 4. Nxd4 {[%clk 01:32:15]} {[%emt 00:00:06]} Nf6
{[%clk 01:32:13]} {[%emt 00:00:04]} 5. Nc3 {[%clk 01:32:41]} {[%emt 00:00:04]}
a6 {[%clk 01:32:39]} {[%emt 00:00:04]} 6. Qd3 {[%clk 01:32:41]} {[%emt
00:00:29]} e5 {[%clk 01:31:09]} {[%emt 00:02:01]} 7. Nf5 {[%clk 01:32:30]}
{[%emt 00:00:41]} Bxf5 8. exf5 {[%clk 01:32:55]} d5 {[%clk 01:24:20]} {[%emt
00:06:47]} 9. Bg5 {[%clk 01:32:53]} {[%emt 00:00:31]} d4 {[%clk 01:24:15]}
{[%emt 00:00:36]} 10. Ne4 {[%clk 01:33:15]} {[%emt 00:00:07]} Be7 {[%clk
01:24:00]} {[%emt 00:00:44]} 11. Bxf6 {[%clk 01:31:35]} {[%emt 00:02:10]} gxf6
{[%clk 01:21:49]} {[%emt 00:02:42]} 12. O-O-O {[%clk 01:19:36]} {[%emt
00:12:28]} Nd7 {[%clk 01:20:04]} {[%emt 00:02:15]} 13. Be2 {[%clk 00:59:51]}
{[%emt 00:20:15]} Qc7 {[%clk 01:13:56]} {[%emt 00:06:38]} 14. Bh5 {[%clk
00:55:13]} {[%emt 00:05:07]} Rf8 {[%clk 01:13:14]} {[%emt 00:01:13]} 15. Kb1
{[%clk 00:35:25]} {[%emt 00:20:17]} O-O-O {[%clk 01:09:59]} {[%emt 00:03:45]}
16. h4 {[%clk 00:25:19]} {[%emt 00:10:37]} Kb8 {[%clk 01:08:46]} {[%emt
00:01:42]} 17. g4 {[%clk 00:23:31]} {[%emt 00:02:18]} Nb6 {[%clk 01:05:31]}
{[%emt 00:03:45]} 18. g5 {[%clk 00:21:31]} {[%emt 00:02:30]} Nd5 {[%clk
01:05:34]} {[%emt 00:00:27]} 19. Qb3 {[%clk 00:18:53]} {[%emt 00:03:08]} Qd7
{[%clk 01:00:03]} {[%emt 00:06:01]} 20. g6 {[%clk 00:13:35]} {[%emt 00:05:48]}
fxg6 {[%clk 00:58:47]} {[%emt 00:01:47]} 21. fxg6 {[%clk 00:14:00]} {[%emt
00:00:06]} Nf4 {[%clk 00:56:10]} {[%emt 00:03:07]} 22. g7 {[%clk 00:05:37]}
{[%emt 00:08:52]} Rg8 {[%clk 00:56:17]} {[%emt 00:00:22]} 23. Bf7 {[%clk
00:05:36]} {[%emt 00:00:31]} Rxg7 {[%clk 00:56:39]} {[%emt 00:00:09]} 24. Rdg1
{[%clk 00:05:01]} {[%emt 00:01:04]} Rxg1+ {[%clk 00:56:01]} {[%emt 00:01:09]}
25. Rxg1 {[%clk 00:05:30]} {[%emt 00:00:01]} Qc6 {[%clk 00:54:54]} {[%emt
00:01:37]} 26. Nd2 {[%clk 00:03:10]} {[%emt 00:02:50]} d3 {[%clk 00:36:18]}
{[%emt 00:19:06]} 27. cxd3 {[%clk 00:01:50]} {[%emt 00:01:49]} Rxd3 {[%clk
00:35:55]} {[%emt 00:00:54]} 28. Qc2 {[%clk 00:02:15]} {[%emt 00:00:05]} Qd7
{[%clk 00:32:35]} {[%emt 00:03:50]} 29. Nc4 {[%clk 00:01:55]} {[%emt 00:00:50]}
Ka7 {[%clk 00:29:55]} {[%emt 00:03:09]} 30. Rc1 {[%clk 00:01:48]} {[%emt
00:00:38]} Bd8 {[%clk 00:25:53]} {[%emt 00:04:32]} 31. Bg8 {[%clk 00:01:24]}
{[%emt 00:00:54]} h6 {[%clk 00:24:15]} {[%emt 00:02:08]} 32. Ne3 {[%clk
00:01:24]} {[%emt 00:00:30]} Rd2 {[%clk 00:19:28]} {[%emt 00:05:16]} 33. Qc8
{[%clk 00:01:20]} {[%emt 00:00:34]} Qxc8 {[%clk 00:19:16]} {[%emt 00:00:42]}
34. Rxc8 {[%clk 00:01:49]} {[%emt 00:00:02]} Bb6 {[%clk 00:19:16]} {[%emt
00:00:30]} 35. Ng4 {[%clk 00:02:17]} {[%emt 00:00:02]} Nd3 {[%clk 00:18:28]}
{[%emt 00:01:17]} 36. Rc3 {[%clk 00:01:26]} {[%emt 00:01:22]} Rxb2+ {[%clk
00:18:25]} {[%emt 00:00:34]} 37. Ka1 {[%clk 00:01:54]} {[%emt 00:00:01]} Rd2
{[%clk 00:18:07]} {[%emt 00:00:48]} 38. Kb1 {[%clk 00:02:17]} {[%emt 00:00:07]}
Bd4 {[%clk 00:17:40]} {[%emt 00:00:57]} 39. Rb3 {[%clk 00:02:39]} {[%emt
00:00:08]} Nxf2 {[%clk 00:14:31]} {[%emt 00:03:39]} 40. Nxh6 {[%clk 00:00:44]}
{[%emt 00:02:24]} Ne4 {[%clk 00:12:49]} {[%emt 00:02:12]} 41. Nf5 {[%clk
00:18:13]} {[%emt 00:13:00]} Rh2 {[%clk 00:31:22]} {[%emt 00:11:57]} 42. Kc1
{[%clk 00:15:03]} {[%emt 00:03:42]} Nc3 {[%clk 00:27:57]} {[%emt 00:03:53]} 43.
a3 {[%clk 00:09:52]} {[%emt 00:05:41]} a5 {[%clk 00:19:36]} {[%emt 00:08:51]}
44. Nxd4 {[%clk 00:04:24]} {[%emt 00:05:57]} exd4 {[%clk 00:19:57]} {[%emt
00:00:10]} 45. Rb2 {[%clk 00:04:37]} {[%emt 00:00:17]} Rxh4 {[%clk 00:20:01]}
{[%emt 00:00:26]} 46. Rf2 {[%clk 00:04:55]} {[%emt 00:00:12]} d3 {[%clk
00:15:40]} {[%emt 00:04:52]} 47. Rf3 {[%clk 00:02:27]} {[%emt 00:02:58]} Rd4
{[%clk 00:15:25]} {[%emt 00:00:44]} 48. Kd2 {[%clk 00:02:45]} {[%emt 00:00:12]}
Nb1+ {[%clk 00:14:40]} {[%emt 00:01:15]} 49. Kd1 {[%clk 00:02:29]} {[%emt
00:00:45]} Nxa3 {[%clk 00:14:10]} {[%emt 00:01:01]} 50. Rxf6 {[%clk 00:02:26]}
{[%emt 00:00:33]} Nc4 {[%clk 00:13:44]} {[%emt 00:00:56]} 51. Rf3 {[%clk
00:02:27]} {[%emt 00:00:29]} b5 {[%clk 00:10:45]} {[%emt 00:03:29]} 52. Bxc4
{[%clk 00:02:37]} {[%emt 00:00:20]} bxc4 {[%clk 00:09:35]} {[%emt 00:01:40]}
53. Kd2 {[%clk 00:02:48]} {[%emt 00:00:18]} c3+ {[%clk 00:07:40]} {[%emt
00:02:26]} 54. Kxc3 {[%clk 00:03:14]} {[%emt 00:00:03]} d2 {[%clk 00:07:53]}
{[%emt 00:00:17]} 55. Kxd4 {[%clk 00:03:40]} {[%emt 00:00:05]} d1=Q+ {[%clk
00:08:05]} {[%emt 00:00:17]} 56. Rd3 {[%clk 00:04:03]} {[%emt 00:00:08]} Qg4+
{[%clk 00:08:04]} {[%emt 00:00:31]} 57. Kc3 {[%clk 00:04:02]} {[%emt 00:00:31]}
Kb6 {[%clk 00:08:12]} {[%emt 00:00:22]} 58. Kb3 {[%clk 00:03:30]} {[%emt
00:01:02]} Kc5 {[%clk 00:07:40]} {[%emt 00:01:01]} 59. Rc3+ {[%clk 00:03:28]}
{[%emt 00:00:32]} Kb5 {[%clk 00:07:56]} {[%emt 00:00:14]} 60. Ka2 {[%clk
00:02:52]} {[%emt 00:01:06]} Qe2+ {[%clk 00:07:36]} {[%emt 00:00:50]} 61. Kb1
{[%clk 00:02:31]} {[%emt 00:00:51]} a4 {[%clk 00:07:30]} {[%emt 00:00:36]} 62.
Rc2 {[%clk 00:02:32]} {[%emt 00:00:29]} Qd3 {[%clk 00:07:43]} {[%emt 00:00:17]}
63. Ka1 {[%clk 00:02:40]} {[%emt 00:00:21]} a3 {[%clk 00:07:41]} {[%emt
00:00:34]} 64. Rh2 {[%clk 00:01:21]} {[%emt 00:01:47]} Qd4+ {[%clk 00:07:37]}
{[%emt 00:00:36]} 65. Ka2 {[%clk 00:01:36]} {[%emt 00:00:14]} Kb4 {[%clk
00:06:25]} {[%emt 00:01:42]} 66. Rc2 {[%clk 00:01:10]} {[%emt 00:00:56]} Qd3
{[%clk 00:06:10]} {[%emt 00:00:42]} 67. Rh2 {[%clk 00:01:24]} {[%emt 00:00:20]}
Qb3+ {[%clk 00:05:57]} {[%emt 00:00:42]} 68. Ka1 {[%clk 00:01:48]} {[%emt
00:00:07]} Qg3 {[%clk 00:05:56]} {[%emt 00:00:28]} 69. Rc2 {[%clk 00:00:52]}
{[%emt 00:01:28]} Kb3 {[%clk 00:05:56]} {[%emt 00:00:30]} 70. Rc1 {[%clk
00:01:17]} {[%emt 00:00:06]} Qe5+ {[%clk 00:06:11]} {[%emt 00:00:14]} 0-1

[Event "DEM U14 2023"]
[Site "Willingen GER"]
[Date "2023.06.02"]
[Round "8"]
[White "Blodig, Vincent"]
[Black "Türel, Tugrul"]
[Result "1-0"]
[Termination "normal"]
[Board "8"]
[WhiteElo "1580"]
[BlackElo "1855"]
[WhiteClock "00:49:14"]
[BlackClock "00:00:32"]
[PlyCount "79"]
[WhiteFideId "16297857"]
[BlackFideId "26338408"]
[EventCountry "GER"]
[EventRounds "9"]
[EventType "swiss"]
[EventDate "2023.05.27"]

1. e4 {[%clk 01:30:58]} {[%emt 00:00:02]} e5 {[%clk 01:30:43]} {[%emt
00:00:18]} 2. Nf3 {[%clk 01:31:24]} {[%emt 00:00:04]} Nc6 {[%clk 01:31:06]}
{[%emt 00:00:08]} 3. Bc4 {[%clk 01:31:50]} {[%emt 00:00:03]} Bc5 {[%clk
01:31:30]} {[%emt 00:00:05]} 4. O-O {[%clk 01:32:15]} {[%emt 00:00:06]} Nf6
{[%clk 01:31:55]} {[%emt 00:00:05]} 5. d3 {[%clk 01:32:41]} {[%emt 00:00:04]}
d6 {[%clk 01:32:18]} {[%emt 00:00:06]} 6. c3 {[%clk 01:33:03]} {[%emt
00:00:08]} O-O {[%clk 01:32:41]} {[%emt 00:00:08]} 7. Bg5 {[%clk 01:33:21]}
{[%emt 00:00:16]} h6 {[%clk 01:33:03]} {[%emt 00:00:04]} 8. Bh4 {[%clk
01:33:46]} {[%emt 00:00:05]} Bg4 {[%clk 01:15:00]} {[%emt 00:18:34]} 9. b4
{[%clk 01:30:42]} {[%emt 00:03:34]} Bb6 {[%clk 01:15:13]} {[%emt 00:00:16]} 10.
a4 {[%clk 01:31:04]} {[%emt 00:00:09]} a6 {[%clk 01:13:39]} {[%emt 00:02:03]}
11. Nbd2 {[%clk 01:30:55]} {[%emt 00:00:38]} g5 {[%clk 01:13:34]} {[%emt
00:00:35]} 12. Bg3 {[%clk 01:31:10]} {[%emt 00:00:15]} Qd7 {[%clk 01:09:23]}
{[%emt 00:04:42]} 13. Re1 {[%clk 01:23:34]} {[%emt 00:08:06]} Nh5 {[%clk
01:07:36]} {[%emt 00:02:16]} 14. Nf1 {[%clk 01:23:30]} {[%emt 00:00:33]} Kh8
{[%clk 00:57:11]} {[%emt 00:10:58]} 15. h3 {[%clk 01:19:14]} {[%emt 00:04:46]}
f5 {[%clk 00:49:52]} {[%emt 00:07:49]} 16. hxg4 {[%clk 01:07:58]} {[%emt
00:11:46]} fxg4 {[%clk 00:49:48]} {[%emt 00:00:34]} 17. N3h2 {[%clk 01:08:06]}
{[%emt 00:00:22]} Nxg3 {[%clk 00:49:07]} {[%emt 00:01:11]} 18. Ne3 {[%clk
01:08:19]} {[%emt 00:00:17]} Nh5 {[%clk 00:26:17]} {[%emt 00:23:19]} 19. Nhxg4
{[%clk 01:08:10]} {[%emt 00:00:41]} Bxe3 {[%clk 00:25:15]} {[%emt 00:01:31]}
20. Rxe3 {[%clk 01:08:06]} {[%emt 00:00:35]} Kg7 {[%clk 00:21:04]} {[%emt
00:04:41]} 21. Rh3 {[%clk 01:05:46]} {[%emt 00:02:49]} Qe8 {[%clk 00:16:12]}
{[%emt 00:05:22]} 22. g3 {[%clk 01:00:43]} {[%emt 00:05:33]} Rh8 {[%clk
00:14:40]} {[%emt 00:02:02]} 23. Qf3 {[%clk 00:52:37]} {[%emt 00:08:37]} Qg6
{[%clk 00:08:17]} {[%emt 00:06:52]} 24. Rxh5 {[%clk 00:51:34]} {[%emt
00:01:34]} Raf8 {[%clk 00:07:45]} {[%emt 00:01:01]} 25. Qh1 {[%clk 00:51:50]}
{[%emt 00:00:13]} Ne7 {[%clk 00:06:36]} {[%emt 00:01:40]} 26. b5 {[%clk
00:50:48]} {[%emt 00:01:32]} a5 {[%clk 00:06:47]} {[%emt 00:00:19]} 27. Qh3
{[%clk 00:50:22]} {[%emt 00:00:54]} Rb8 {[%clk 00:00:35]} {[%emt 00:06:43]} 28.
Kg2 {[%clk 00:50:03]} {[%emt 00:00:49]} c6 {[%clk 00:00:45]} {[%emt 00:00:20]}
29. bxc6 {[%clk 00:50:12]} {[%emt 00:00:23]} bxc6 {[%clk 00:01:14]} 30. Rh1
{[%clk 00:50:14]} {[%emt 00:00:27]} d5 {[%clk 00:00:42]} {[%emt 00:01:01]} 31.
exd5 {[%clk 00:50:27]} {[%emt 00:00:17]} cxd5 {[%clk 00:01:03]} {[%emt
00:00:09]} 32. Bb5 {[%clk 00:50:45]} {[%emt 00:00:11]} Rxb5 {[%clk 00:00:33]}
{[%emt 00:01:02]} 33. axb5 {[%clk 00:50:57]} {[%emt 00:00:18]} Qxd3 {[%clk
00:00:58]} {[%emt 00:00:04]} 34. Rxh6 {[%clk 00:49:28]} {[%emt 00:01:59]} Qe4+
{[%clk 00:00:57]} {[%emt 00:00:31]} 35. f3 {[%clk 00:49:19]} {[%emt 00:00:39]}
Qe2+ {[%clk 00:00:47]} {[%emt 00:00:41]} 36. Nf2 {[%clk 00:49:41]} {[%emt
00:00:07]} Rf8 {[%clk 00:00:40]} {[%emt 00:00:37]} 37. Rh7+ {[%clk 00:49:40]}
{[%emt 00:01:00]} Kf6 {[%clk 00:01:22]} {[%emt 00:00:19]} 38. Qd7 {[%clk
00:49:40]} {[%emt 00:00:29]} Ng6 {[%clk 00:00:42]} {[%emt 00:01:09]} 39. R1h6
{[%clk 00:49:11]} {[%emt 00:01:00]} Qc2 {[%clk 00:00:32]} {[%emt 00:00:41]} 40.
Qd6+ {[%clk 00:49:14]} {[%emt 00:00:27]} 1-0